[Event "Benidorm Satellite preliminary"]
[Site "playchess.com #007036"]
[Date "2009.10.24"]
[Round "5"]
[White "Tackiness"]
[Black "jchess06"]
[Result "1-0"]
[WhiteElo "1641"]
[BlackElo "1816"]
[PlyCount "135"]
[EventDate "2009.10.24"]
[EventType "swiss (blitz)"]

1. d4 {[%emt 0:00:01]} d5 {[%emt 0:00:09]} 2. Nf3 {[%emt 0:00:01]} Nf6 {[%emt
0:00:04]} 3. Bf4 {[%emt 0:00:02]} e6 {[%emt 0:00:05]} 4. e3 {[%emt 0:00:02]}
Be7 {[%emt 0:00:04]} 5. Bd3 {[%emt 0:00:03]} c5 {[%emt 0:00:03]} 6. c3 {[%emt
0:00:01]} Nc6 {[%emt 0:00:03]} 7. Nbd2 {[%emt 0:00:01]} Bd6 {[%emt 0:00:01]} 8.
Bxd6 {[%emt 0:00:04]} Qxd6 {[%emt 0:00:01]} 9. Rc1 {[%emt 0:00:00]} cxd4 {
[%emt 0:00:01]} 10. exd4 {[%emt 0:00:01]} O-O {[%emt 0:00:01]} 11. O-O {[%emt
0:00:01]} Re8 {[%emt 0:00:01]} 12. Qe2 {[%emt 0:00:06]} e5 {[%emt 0:00:01]} 13.
dxe5 {[%emt 0:00:05]} Nxe5 {[%emt 0:00:00]} 14. Nxe5 {[%emt 0:00:08]} Rxe5 {
[%emt 0:00:01]} 15. Qf3 {[%emt 0:00:04]} Bg4 {[%emt 0:00:04]} 16. Qg3 {[%emt 0:
00:01]} Rae8 {[%emt 0:00:09]} 17. Nf3 {[%emt 0:00:42]} Bxf3 {[%emt 0:00:06]}
18. Qxf3 {[%emt 0:00:01]} Rh5 {[%emt 0:00:03]} 19. Qg3 {[%emt 0:00:13]} Qxg3 {
[%emt 0:00:02]} 20. hxg3 {[%emt 0:00:01]} Ne4 {[%emt 0:00:02]} 21. Bxe4 {[%emt
0:00:08]} dxe4 {[%emt 0:00:01]} 22. Rcd1 {[%emt 0:00:03]} Kf8 {[%emt 0:00:02]}
23. Rd7 {[%emt 0:00:01]} Re7 {[%emt 0:00:01]} 24. Rfd1 {[%emt 0:00:01]} Rhe5 {
[%emt 0:00:01]} 25. Kf1 {[%emt 0:00:10]} f6 {[%emt 0:00:08]} 26. Ke2 {[%emt 0:
00:04]} Kf7 {[%emt 0:00:07]} 27. Ke3 {[%emt 0:00:01]} f5 {[%emt 0:00:01]} 28.
Kf4 {[%emt 0:00:48]} Kf6 {[%emt 0:00:28]} 29. Rxe7 {[%emt 0:00:08]} g5+ {[%emt
0:00:02]} 30. Ke3 {[%emt 0:00:02]} Rxe7 {[%emt 0:00:02]} 31. f4 {[%emt 0:00:06]
} h6 {[%emt 0:00:03]} 32. Rd6+ {[%emt 0:00:09]} Re6 {[%emt 0:00:01]} 33. Rd7 {
[%emt 0:00:05]} Rb6 {[%emt 0:00:02]} 34. b4 {[%emt 0:00:04]} Ke6 {[%emt 0:00:
05]} 35. Rh7 {[%emt 0:00:02]} Kd5 {[%emt 0:00:01]} 36. fxg5 {[%emt 0:00:05]}
hxg5 {[%emt 0:00:02]} 37. Rh5 {[%emt 0:00:04]} Rg6 {[%emt 0:00:03]} 38. Rh7 {
[%emt 0:00:09]} b5 {[%emt 0:00:15]} 39. Rxa7 {[%emt 0:00:02]} Kc4 {[%emt 0:00:
01]} 40. Rc7+ {[%emt 0:00:02]} Kd5 {[%emt 0:00:04]} 41. Rc5+ {[%emt 0:00:01]}
Kd6 {[%emt 0:00:01]} 42. Rxb5 {[%emt 0:00:01]} Rf6 {[%emt 0:00:02]} 43. Rb6+ {
[%emt 0:00:01]} Ke5 {[%emt 0:00:01]} 44. Rxf6 {[%emt 0:00:00]} Kxf6 {[%emt 0:
00:00]} 45. b5 {[%emt 0:00:02]} Ke6 {[%emt 0:00:00]} 46. a4 {[%emt 0:00:01]}
Kd7 {[%emt 0:00:00]} 47. c4 {[%emt 0:00:01]} Kc7 {[%emt 0:00:00]} 48. c5 {
[%emt 0:00:01]} Kb7 {[%emt 0:00:01]} 49. a5 {[%emt 0:00:01]} Kc7 {[%emt 0:00:
00]} 50. a6 {[%emt 0:00:02]} Kb8 {[%emt 0:00:01]} 51. b6 {[%emt 0:00:01]} Ka8 {
[%emt 0:00:01]} 52. c6 {[%emt 0:00:01]} f4+ {[%emt 0:00:01]} 53. gxf4 {[%emt 0:
00:02]} gxf4+ {[%emt 0:00:00]} 54. Kxe4 {[%emt 0:00:01]} f3 {[%emt 0:00:01]}
55. gxf3 {[%emt 0:00:01]} Kb8 {[%emt 0:00:02]} 56. f4 {[%emt 0:00:01]} Kc8 {
[%emt 0:00:01]} 57. f5 {[%emt 0:00:00]} Kd8 {[%emt 0:00:01]} 58. f6 {[%emt 0:
00:01]} Ke8 {[%emt 0:00:01]} 59. a7 {[%emt 0:00:00]} Kf7 {[%emt 0:00:01]} 60.
b7 {[%emt 0:00:01]} Kg6 {[%emt 0:00:00]} 61. c7 {[%emt 0:00:01]} Kf7 {[%emt 0:
00:00]} 62. c8=Q {[%emt 0:00:01]} Kg6 {[%emt 0:00:00]} 63. b8=Q {[%emt 0:00:01]
} Kg5 {[%emt 0:00:02]} 64. a8=Q {[%emt 0:00:02]} Kh4 {[%emt 0:00:03]} 65. f7 {
[%emt 0:00:01]} Kh5 {[%emt 0:00:03]} 66. f8=Q {[%emt 0:00:01]} Kg6 {[%emt 0:00:
01]} 67. Qce8+ {[%emt 0:00:02]} Kh7 {[%emt 0:00:01]} 68. Qbb7# {[%emt 0:00:02]}
1-0

[Event "Benidorm Satellite preliminary"]
[Site "playchess.com #007036"]
[Date "2009.10.24"]
[Round "5"]
[White "AndreevSt"]
[Black "Alexiz"]
[Result "1-0"]
[WhiteElo "1966"]
[BlackElo "1701"]
[PlyCount "67"]
[EventDate "2009.10.24"]
[EventType "swiss (blitz)"]

1. d4 {[%emt 0:00:05]} e6 {[%emt 0:00:02]} 2. c4 {[%emt 0:00:01]} d5 {[%emt 0:
00:02]} 3. Nc3 {[%emt 0:00:01]} c6 {[%emt 0:00:05]} 4. e4 {[%emt 0:00:02]} dxe4
{[%emt 0:00:02]} 5. Nxe4 {[%emt 0:00:06]} Bb4+ {[%emt 0:00:01]} 6. Bd2 {[%emt
0:00:02]} Qxd4 {[%emt 0:00:01]} 7. Bxb4 {[%emt 0:00:01]} Qxe4+ {[%emt 0:00:01]}
8. Be2 {[%emt 0:00:01]} Na6 {[%emt 0:00:01]} 9. Ba5 {[%emt 0:00:01]} b6 {[%emt
0:00:01]} 10. Qd6 {[%emt 0:00:03]} Bd7 {[%emt 0:00:01]} 11. Bc3 {[%emt 0:00:06]
} f6 {[%emt 0:00:01]} 12. Rd1 {[%emt 0:00:10]} O-O-O {[%emt 0:00:02]} 13. Kf1 {
[%emt 0:00:13]} e5 {[%emt 0:00:13]} 14. b3 {[%emt 0:00:07]} c5 {[%emt 0:00:05]}
15. Bf3 {[%emt 0:00:04]} Qc2 {[%emt 0:00:08]} 16. Qd5 {[%emt 0:00:20]} e4 {
[%emt 0:01:37]} 17. Bxe4 {[%emt 0:00:14]} Qxe4 {[%emt 0:00:02]} 18. Qxe4 {
[%emt 0:00:04]} Nh6 {[%emt 0:00:02]} 19. Nf3 {[%emt 0:00:14]} Nc7 {[%emt 0:00:
22]} 20. h3 {[%emt 0:00:20]} Nf7 {[%emt 0:00:10]} 21. g4 {[%emt 0:00:04]} h6 {
[%emt 0:00:05]} 22. Kg2 {[%emt 0:00:04]} Ng5 {[%emt 0:00:02]} 23. Nxg5 {[%emt
0:00:04]} hxg5 {[%emt 0:00:01]} 24. Rd6 {[%emt 0:00:07]} Rhe8 {[%emt 0:00:11]}
25. Qd3 {[%emt 0:00:15]} Bc6+ {[%emt 0:00:06]} 26. f3 {[%emt 0:00:04]} Rxd6 {
[%emt 0:00:12]} 27. Qxd6 {[%emt 0:00:02]} Kb7 {[%emt 0:00:01]} 28. Qd3 {[%emt
0:00:16]} Ne6 {[%emt 0:00:06]} 29. Bd2 {[%emt 0:00:09]} Nd4 {[%emt 0:00:02]}
30. Rf1 {[%emt 0:00:03]} Re2+ {[%emt 0:00:04]} 31. Rf2 {[%emt 0:00:05]} Rxf2+ {
[%emt 0:00:02]} 32. Kxf2 {[%emt 0:00:03]} Nxf3 {[%emt 0:00:01]} 33. Qd8 {[%emt
0:00:06]} Nxd2 {[%emt 0:00:04]} 34. Qxd2 {[%emt 0:00:02] Alexiz resigns} 1-0

[Event "Benidorm Satellite preliminary"]
[Site "playchess.com #007036"]
[Date "2009.10.24"]
[Round "5"]
[White "Beckhambauer"]
[Black "Priscila"]
[Result "1-0"]
[WhiteElo "1568"]
[BlackElo "1818"]
[PlyCount "65"]
[EventDate "2009.10.24"]
[EventType "swiss (blitz)"]

1. d4 {[%emt 0:00:02]} d5 {[%emt 0:00:01]} 2. c4 {[%emt 0:00:03]} c6 {[%emt 0:
00:00]} 3. Nf3 {[%emt 0:00:02]} Nf6 {[%emt 0:00:00]} 4. e3 {[%emt 0:00:01]} Bg4
{[%emt 0:00:01]} 5. Nbd2 {[%emt 0:00:03]} Nbd7 {[%emt 0:00:01]} 6. a3 {[%emt 0:
00:03]} e6 {[%emt 0:00:01]} 7. b4 {[%emt 0:00:01]} Bd6 {[%emt 0:00:01]} 8. Bb2
{[%emt 0:00:02]} Qe7 {[%emt 0:00:01]} 9. Be2 {[%emt 0:00:06]} Bxf3 {[%emt 0:00:
01]} 10. Nxf3 {[%emt 0:00:02]} O-O {[%emt 0:00:02]} 11. O-O {[%emt 0:00:01]}
dxc4 {[%emt 0:00:04]} 12. Bxc4 {[%emt 0:00:02]} Rad8 {[%emt 0:00:01]} 13. Qb3 {
[%emt 0:00:04]} e5 {[%emt 0:00:01]} 14. dxe5 {[%emt 0:00:07]} Nxe5 {[%emt 0:00:
00]} 15. Nxe5 {[%emt 0:00:19]} Bxe5 {[%emt 0:00:00]} 16. Bxe5 {[%emt 0:00:01]}
Qxe5 {[%emt 0:00:00]} 17. Rad1 {[%emt 0:00:05]} Ne4 {[%emt 0:00:02]} 18. Rxd8 {
[%emt 0:00:07]} Rxd8 {[%emt 0:00:04]} 19. Bxf7+ {[%emt 0:00:01]} Kh8 {[%emt 0:
00:06]} 20. Rd1 {[%emt 0:00:07]} Rf8 {[%emt 0:00:48]} 21. f3 {[%emt 0:00:29]}
Nc3 {[%emt 0:00:48]} 22. Re1 {[%emt 0:00:07]} Qf6 {[%emt 0:00:30]} 23. Bc4 {
[%emt 0:00:25]} Ne4 {[%emt 0:00:05]} 24. Rd1 {[%emt 0:00:31]} Ng5 {[%emt 0:00:
15]} 25. Qd3 {[%emt 0:00:09]} h5 {[%emt 0:00:14]} 26. Ba2 {[%emt 0:00:02]} h4 {
[%emt 0:00:02]} 27. Bb1 {[%emt 0:00:03]} h3 {[%emt 0:00:04]} 28. f4 {[%emt 0:
00:07]} hxg2 {[%emt 0:00:37]} 29. Kxg2 {[%emt 0:00:12] .} Qh6 {[%emt 0:00:01]}
30. fxg5 {[%emt 0:00:05]} Qxg5+ {[%emt 0:00:00]} 31. Kh1 {[%emt 0:00:02]} Qh6 {
[%emt 0:00:03]} 32. Rg1 {[%emt 0:00:04]} Rf2 {[%emt 0:00:03]} 33. Qd8+ {[%emt
0:00:07] Priscila rinde} 1-0

[Event "Benidorm Satellite preliminary"]
[Site "playchess.com #007036"]
[Date "2009.10.24"]
[Round "5"]
[White "Rashid"]
[Black "Bystrc2010"]
[Result "1-0"]
[WhiteElo "2137"]
[BlackElo "1784"]
[PlyCount "73"]
[EventDate "2009.10.24"]
[EventType "swiss (blitz)"]

1. e4 {[%emt 0:00:02]} c5 {[%emt 0:00:01]} 2. Nf3 {[%emt 0:00:02]} Nc6 {[%emt
0:00:01]} 3. d3 {[%emt 0:00:02]} g6 {[%emt 0:00:01]} 4. g3 {[%emt 0:00:04]} Bg7
{[%emt 0:00:01]} 5. Bg2 {[%emt 0:00:00]} d6 {[%emt 0:00:01]} 6. c3 {[%emt 0:00:
03]} Nf6 {[%emt 0:00:04]} 7. O-O {[%emt 0:00:04]} O-O {[%emt 0:00:01]} 8. Re1 {
[%emt 0:00:12]} Bd7 {[%emt 0:00:13]} 9. Nbd2 {[%emt 0:00:23]} Qc7 {[%emt 0:00:
04]} 10. Nc4 {[%emt 0:00:15]} b5 {[%emt 0:00:06]} 11. Ne3 {[%emt 0:00:04]} a5 {
[%emt 0:00:21]} 12. Nd5 {[%emt 0:00:03]} Qd8 {[%emt 0:00:13]} 13. Bg5 {[%emt 0:
00:10]} h6 {[%emt 0:00:12]} 14. Nxf6+ {[%emt 0:00:06]} exf6 {[%emt 0:00:04]}
15. Bf4 {[%emt 0:00:03]} Ne5 {[%emt 0:00:09]} 16. d4 {[%emt 0:00:05]} Nxf3+ {
[%emt 0:00:08]} 17. Qxf3 {[%emt 0:00:10]} Bc6 {[%emt 0:00:11]} 18. Rad1 {[%emt
0:00:09]} c4 {[%emt 0:00:23]} 19. Qe3 {[%emt 0:00:11]} Kh7 {[%emt 0:00:08]} 20.
Qe2 {[%emt 0:00:10]} Re8 {[%emt 0:00:11]} 21. Qc2 {[%emt 0:00:03]} Qd7 {[%emt
0:00:09]} 22. h4 {[%emt 0:00:05]} h5 {[%emt 0:00:06]} 23. Kh2 {[%emt 0:00:11]}
Rad8 {[%emt 0:00:05]} 24. Bh3 {[%emt 0:00:02]} Qc7 {[%emt 0:00:10]} 25. f3 {
[%emt 0:00:02]} Bd7 {[%emt 0:00:03]} 26. g4 {[%emt 0:00:10]} hxg4 {[%emt 0:00:
16]} 27. fxg4 {[%emt 0:00:00]} Qc8 {[%emt 0:00:07]} 28. Re3 {[%emt 0:00:06]}
Bxg4 {[%emt 0:00:04]} 29. Rg1 {[%emt 0:00:05]} Bxh3 {[%emt 0:00:04]} 30. Rxh3 {
[%emt 0:00:00]} Qe6 {[%emt 0:00:14]} 31. h5 {[%emt 0:00:06]} g5 {[%emt 0:00:01]
} 32. e5+ {[%emt 0:00:02]} f5 {[%emt 0:00:01]} 33. Rxg5 {[%emt 0:00:04]} Bh6 {
[%emt 0:00:03]} 34. Rxf5 {[%emt 0:00:02]} Bxf4+ {[%emt 0:00:02]} 35. Rxf4+ {
[%emt 0:00:00]} Kh8 {[%emt 0:00:03]} 36. Rhf3 {[%emt 0:00:04]} Rg8 {[%emt 0:00:
02]} 37. Rf6 {[%emt 0:00:06] Zeit} 1-0

[Event "Benidorm Satellite preliminary"]
[Site "playchess.com #007036"]
[Date "2009.10.24"]
[Round "5"]
[White "Us6"]
[Black "Knetterbernd"]
[Result "1-0"]
[WhiteElo "2544"]
[BlackElo "2224"]
[PlyCount "89"]
[EventDate "2009.10.24"]
[EventType "swiss (blitz)"]

1. d4 {[%emt 0:00:04]} Nf6 {[%emt 0:00:02]} 2. c4 {[%emt 0:00:01]} e6 {[%emt 0:
00:01]} 3. Nf3 {[%emt 0:00:02]} b6 {[%emt 0:00:01]} 4. g3 {[%emt 0:00:03]} Ba6
{[%emt 0:00:02]} 5. Qc2 {[%emt 0:00:02]} Bb4+ {[%emt 0:00:03]} 6. Bd2 {[%emt 0:
00:02]} Bxd2+ {[%emt 0:00:03]} 7. Nbxd2 {[%emt 0:00:02]} O-O {[%emt 0:00:05]}
8. e4 {[%emt 0:00:02]} d5 {[%emt 0:00:01]} 9. cxd5 {[%emt 0:00:06]} Bxf1 {
[%emt 0:00:02]} 10. Kxf1 {[%emt 0:00:01]} exd5 {[%emt 0:00:01]} 11. e5 {[%emt
0:00:01]} Nfd7 {[%emt 0:00:02]} 12. h4 {[%emt 0:00:03]} h6 {[%emt 0:00:06]} 13.
Kg2 {[%emt 0:00:03]} c5 {[%emt 0:00:02]} 14. Rae1 {[%emt 0:00:03]} Re8 {[%emt
0:00:03]} 15. dxc5 {[%emt 0:00:21]} bxc5 {[%emt 0:00:06]} 16. Nb3 {[%emt 0:00:
04]} Na6 {[%emt 0:00:06]} 17. Rd1 {[%emt 0:00:08]} d4 {[%emt 0:00:06]} 18. Rhe1
{[%emt 0:00:04]} Qb6 {[%emt 0:00:07]} 19. Nbd2 {[%emt 0:00:04]} Rab8 {[%emt 0:
00:08]} 20. Nc4 {[%emt 0:00:02]} Qc6 {[%emt 0:00:05]} 21. b3 {[%emt 0:00:02]}
Nb4 {[%emt 0:00:04]} 22. Qd2 {[%emt 0:00:03]} Nd5 {[%emt 0:00:04]} 23. Rc1 {
[%emt 0:00:06]} Nc3 {[%emt 0:00:08]} 24. Rc2 {[%emt 0:00:04]} Nb6 {[%emt 0:00:
13]} 25. Nd6 {[%emt 0:00:04]} Re6 {[%emt 0:00:04]} 26. Qf4 {[%emt 0:00:03]} Rf8
{[%emt 0:00:13]} 27. b4 {[%emt 0:00:19]} Nbd5 {[%emt 0:00:05]} 28. Qg4 {[%emt
0:00:04]} Nxb4 {[%emt 0:00:08]} 29. Rd2 {[%emt 0:00:02]} Nbd5 {[%emt 0:00:12]}
30. h5 {[%emt 0:00:02]} Rb8 {[%emt 0:00:08]} 31. Nf5 {[%emt 0:00:03]} g6 {
[%emt 0:00:34]} 32. hxg6 {[%emt 0:00:21]} Rxg6 {[%emt 0:00:03]} 33. Nxh6+ {
[%emt 0:00:01]} Kh7 {[%emt 0:00:08]} 34. Qf5 {[%emt 0:00:19]} Qe6 {[%emt 0:00:
33]} 35. Qxf7+ {[%emt 0:00:18]} Qxf7 {[%emt 0:00:01]} 36. Nxf7 {[%emt 0:00:01]}
Nf4+ {[%emt 0:00:06]} 37. Kf1 {[%emt 0:00:01]} Ne6 {[%emt 0:00:04]} 38. Kg2 {
[%emt 0:00:06]} Kg7 {[%emt 0:00:01]} 39. Nd6 {[%emt 0:00:03]} Nf4+ {[%emt 0:00:
03]} 40. Kf1 {[%emt 0:00:01]} Ne6 {[%emt 0:00:02]} 41. Nh4 {[%emt 0:00:01]} Rg5
{[%emt 0:00:04]} 42. Nhf5+ {[%emt 0:00:04]} Kg6 {[%emt 0:00:02]} 43. Nh4+ {
[%emt 0:00:03]} Kg7 {[%emt 0:00:01]} 44. f4 {[%emt 0:00:01]} Rxg3 {[%emt 0:00:
02]} 45. Nhf5+ {[%emt 0:00:01] Knetterbernd gibt auf} 1-0

[Event "Benidorm Satellite preliminary"]
[Site "playchess.com #007036"]
[Date "2009.10.24"]
[Round "5"]
[White "Öschi"]
[Black "Zoschi"]
[Result "1/2-1/2"]
[WhiteElo "1766"]
[BlackElo "1635"]
[PlyCount "103"]
[EventDate "2009.10.24"]
[EventType "swiss (blitz)"]

1. e4 {[%emt 0:00:03]} e6 {[%emt 0:00:04]} 2. d4 {[%emt 0:00:02]} d5 {[%emt 0:
00:01]} 3. exd5 {[%emt 0:00:00]} exd5 {[%emt 0:00:01]} 4. Bd3 {[%emt 0:00:01]}
Nf6 {[%emt 0:00:03]} 5. Bg5 {[%emt 0:00:01]} Be7 {[%emt 0:00:02]} 6. Nf3 {
[%emt 0:00:04]} Bg4 {[%emt 0:00:02]} 7. O-O {[%emt 0:00:01]} O-O {[%emt 0:00:
02]} 8. Nbd2 {[%emt 0:00:01]} Nbd7 {[%emt 0:00:02]} 9. c3 {[%emt 0:00:00]} c6 {
[%emt 0:00:01]} 10. Qc2 {[%emt 0:00:00]} Bh5 {[%emt 0:00:05]} 11. Rfe1 {[%emt
0:00:04]} Re8 {[%emt 0:00:06]} 12. Ne5 {[%emt 0:00:01]} Nxe5 {[%emt 0:00:43]}
13. dxe5 {[%emt 0:00:09]} Nd7 {[%emt 0:00:02]} 14. Bxh7+ {[%emt 0:00:01]} Kh8 {
[%emt 0:00:01]} 15. Bxe7 {[%emt 0:00:01]} Qxe7 {[%emt 0:00:01]} 16. Bd3 {[%emt
0:00:24]} Qg5 {[%emt 0:00:09]} 17. Re3 {[%emt 0:00:26]} Rxe5 {[%emt 0:00:27]}
18. Rg3 {[%emt 0:00:02]} Qe7 {[%emt 0:00:09]} 19. Nf3 {[%emt 0:00:12]} Bxf3 {
[%emt 0:00:06]} 20. Rxf3 {[%emt 0:00:03]} Re1+ {[%emt 0:00:11]} 21. Rxe1 {
[%emt 0:00:01]} Qxe1+ {[%emt 0:00:01]} 22. Bf1 {[%emt 0:00:00]} Nf6 {[%emt 0:
00:05]} 23. Rh3+ {[%emt 0:00:02]} Kg8 {[%emt 0:00:06]} 24. g4 {[%emt 0:00:05]}
Re8 {[%emt 0:00:24]} 25. Qf5 {[%emt 0:00:05]} Qe6 {[%emt 0:00:30]} 26. Qxe6 {
[%emt 0:00:08]} Rxe6 {[%emt 0:00:00]} 27. g5 {[%emt 0:00:02]} Ne4 {[%emt 0:00:
02]} 28. Bd3 {[%emt 0:00:01]} Nxg5 {[%emt 0:00:03]} 29. Re3 {[%emt 0:00:06]}
Rxe3 {[%emt 0:00:02]} 30. fxe3 {[%emt 0:00:00]} f6 {[%emt 0:00:01]} 31. Bg6 {
[%emt 0:00:02]} Ne4 {[%emt 0:00:03]} 32. Kg2 {[%emt 0:00:03]} Kf8 {[%emt 0:00:
02]} 33. c4 {[%emt 0:00:01]} Ke7 {[%emt 0:00:04]} 34. cxd5 {[%emt 0:00:02]}
cxd5 {[%emt 0:00:00]} 35. Kf3 {[%emt 0:00:01]} Kd6 {[%emt 0:00:01]} 36. Bxe4 {
[%emt 0:00:02]} dxe4+ {[%emt 0:00:01]} 37. Kxe4 {[%emt 0:00:00]} Ke6 {[%emt 0:
00:01]} 38. h4 {[%emt 0:00:02]} g6 {[%emt 0:00:01]} 39. Kf4 {[%emt 0:00:01]}
Kd6 {[%emt 0:00:04]} 40. e4 {[%emt 0:00:06]} Ke6 {[%emt 0:00:01]} 41. b3 {
[%emt 0:00:02]} b6 {[%emt 0:00:02]} 42. a3 {[%emt 0:00:01]} a6 {[%emt 0:00:01]}
43. b4 {[%emt 0:00:12]} b5 {[%emt 0:00:01]} 44. Kf3 {[%emt 0:00:01]} Kd6 {
[%emt 0:00:12]} 45. Kf4 {[%emt 0:00:05]} Ke6 {[%emt 0:00:01]} 46. Kf3 {[%emt 0:
00:01]} Kd6 {[%emt 0:00:01]} 47. Ke3 {[%emt 0:00:00]} Ke5 {[%emt 0:00:02]} 48.
Kd3 {[%emt 0:00:04]} Ke6 {[%emt 0:00:12]} 49. Kd4 {[%emt 0:00:01]} Kd6 {[%emt
0:00:01]} 50. Kd3 {[%emt 0:00:06]} Ke6 {[%emt 0:00:01]} 51. Ke3 {[%emt 0:00:02]
} Ke5 {[%emt 0:00:01] Öschi bietet Remis} 52. Kd3 {[%emt 0:00:18] .} 1/2-1/2

[Event "Benidorm Satellite preliminary"]
[Site "playchess.com #007036"]
[Date "2009.10.24"]
[Round "5"]
[White "Wild"]
[Black "Marx"]
[Result "0-1"]
[WhiteElo "1424"]
[BlackElo "1282"]
[PlyCount "106"]
[EventDate "2009.10.24"]
[EventType "swiss (blitz)"]

1. c4 {[%emt 0:00:01]} Nf6 {[%emt 0:00:02]} 2. Nc3 {[%emt 0:00:01]} c6 {[%emt
0:00:02]} 3. g3 {[%emt 0:00:01]} d5 {[%emt 0:00:02]} 4. cxd5 {[%emt 0:00:01]}
Nxd5 {[%emt 0:00:01]} 5. d4 {[%emt 0:00:01]} e6 {[%emt 0:00:09]} 6. Bg2 {[%emt
0:00:01]} Be7 {[%emt 0:00:01]} 7. e4 {[%emt 0:00:01]} Nxc3 {[%emt 0:00:02]} 8.
bxc3 {[%emt 0:00:01]} Nd7 {[%emt 0:00:17]} 9. Nf3 {[%emt 0:00:01]} O-O {[%emt
0:00:02]} 10. O-O {[%emt 0:00:01]} Nb6 {[%emt 0:00:18]} 11. Qd3 {[%emt 0:00:07]
} c5 {[%emt 0:00:08]} 12. Be3 {[%emt 0:00:05]} c4 {[%emt 0:00:02]} 13. Qd2 {
[%emt 0:00:06]} Na4 {[%emt 0:00:37]} 14. Qc2 {[%emt 0:00:05]} b5 {[%emt 0:00:
08]} 15. e5 {[%emt 0:00:02]} Rb8 {[%emt 0:00:02]} 16. Ng5 {[%emt 0:00:02]} Bxg5
{[%emt 0:00:03]} 17. Bxg5 {[%emt 0:00:05]} Qxg5 {[%emt 0:00:02]} 18. f4 {[%emt
0:00:01]} Qf5 {[%emt 0:00:08]} 19. Qd2 {[%emt 0:00:10]} Qd3 {[%emt 0:00:03]}
20. Qxd3 {[%emt 0:00:05]} cxd3 {[%emt 0:00:01]} 21. Rfd1 {[%emt 0:00:02]} Nxc3
{[%emt 0:00:01]} 22. Rxd3 {[%emt 0:00:02]} Nd5 {[%emt 0:00:02]} 23. Rc1 {[%emt
0:00:11]} Bd7 {[%emt 0:00:07]} 24. Rc5 {[%emt 0:00:15]} Rbc8 {[%emt 0:00:04]}
25. Bxd5 {[%emt 0:00:08]} exd5 {[%emt 0:00:01]} 26. Rxd5 {[%emt 0:00:02]} Rc1+
{[%emt 0:00:17]} 27. Kg2 {[%emt 0:00:02]} Bc6 {[%emt 0:00:02]} 28. Kf2 {[%emt
0:00:23]} Bxd5 {[%emt 0:00:01]} 29. Ke3 {[%emt 0:00:01]} Re8 {[%emt 0:00:09]}
30. Ra3 {[%emt 0:00:03]} Re1+ {[%emt 0:00:10]} 31. Kd3 {[%emt 0:00:03]} Rh1 {
[%emt 0:00:05]} 32. h4 {[%emt 0:00:06]} Rh3 {[%emt 0:00:02]} 33. Ke2 {[%emt 0:
00:05]} Ra8 {[%emt 0:00:05]} 34. Kf2 {[%emt 0:00:02]} Rh2+ {[%emt 0:00:02]} 35.
Ke3 {[%emt 0:00:04]} Rxa2 {[%emt 0:00:00]} 36. Rc3 {[%emt 0:00:03]} b4 {[%emt
0:00:04]} 37. Rc5 {[%emt 0:00:02]} Ra3+ {[%emt 0:00:01]} 38. Kd2 {[%emt 0:00:
02]} Bf3 {[%emt 0:00:03]} 39. d5 {[%emt 0:00:03]} a5 {[%emt 0:00:08]} 40. d6 {
[%emt 0:00:01]} Rd8 {[%emt 0:00:02]} 41. Ke1 {[%emt 0:00:07]} Bg4 {[%emt 0:00:
01]} 42. Kf2 {[%emt 0:00:01]} h5 {[%emt 0:00:03]} 43. Rc7 {[%emt 0:00:10]} b3 {
[%emt 0:00:02]} 44. Rb7 {[%emt 0:00:02]} Ra2+ {[%emt 0:00:03]} 45. Ke3 {[%emt
0:00:09]} b2 {[%emt 0:00:01]} 46. Kd4 {[%emt 0:00:04]} Bf5 {[%emt 0:00:01]} 47.
Kd5 {[%emt 0:00:07]} b1=Q {[%emt 0:00:03]} 48. Rxb1 {[%emt 0:00:01]} Bxb1 {
[%emt 0:00:01]} 49. e6 {[%emt 0:00:01]} fxe6+ {[%emt 0:00:04]} 50. Kxe6 {[%emt
0:00:01]} Rd2 {[%emt 0:00:01]} 51. Ke7 {[%emt 0:00:02]} R2xd6 {[%emt 0:00:01]}
52. f5 {[%emt 0:00:01]} Ba2 {[%emt 0:00:10]} 53. f6 {[%emt 0:00:05]} R6d7# {
[%emt 0:00:01]} 0-1

[Event "Benidorm Satellite preliminary"]
[Site "playchess.com #007036"]
[Date "2009.10.24"]
[Round "5"]
[White "Master--Sim"]
[Black "Wolle1305"]
[Result "1-0"]
[WhiteElo "1962"]
[BlackElo "1732"]
[PlyCount "101"]
[EventDate "2009.10.24"]
[EventType "swiss (blitz)"]

1. d4 {[%emt 0:00:01]} d5 {[%emt 0:00:01]} 2. Nf3 {[%emt 0:00:04]} Nf6 {[%emt
0:00:01]} 3. Bf4 {[%emt 0:00:01]} e6 {[%emt 0:00:01]} 4. e3 {[%emt 0:00:02]}
Bd6 {[%emt 0:00:01]} 5. Bg3 {[%emt 0:00:03]} O-O {[%emt 0:00:01]} 6. Bd3 {
[%emt 0:00:02]} c6 {[%emt 0:00:01]} 7. Nbd2 {[%emt 0:00:02]} Re8 {[%emt 0:00:
01]} 8. Ne5 {[%emt 0:00:01]} Qe7 {[%emt 0:00:08]} 9. f4 {[%emt 0:00:02]} Nbd7 {
[%emt 0:00:01]} 10. h4 {[%emt 0:00:01]} c5 {[%emt 0:00:07]} 11. c3 {[%emt 0:00:
05]} Nf8 {[%emt 0:00:15]} 12. h5 {[%emt 0:00:03]} h6 {[%emt 0:00:02]} 13. Bh4 {
[%emt 0:00:03]} N8h7 {[%emt 0:00:08]} 14. g4 {[%emt 0:00:03]} Qc7 {[%emt 0:00:
06]} 15. Qf3 {[%emt 0:00:08]} cxd4 {[%emt 0:00:09]} 16. exd4 {[%emt 0:00:03]}
Nd7 {[%emt 0:00:13]} 17. O-O-O {[%emt 0:00:05]} Qa5 {[%emt 0:00:08]} 18. Kb1 {
[%emt 0:00:03]} b5 {[%emt 0:00:05]} 19. g5 {[%emt 0:00:05]} Bxe5 {[%emt 0:00:
33]} 20. Bxh7+ {[%emt 0:00:04]} Kxh7 {[%emt 0:00:11]} 21. fxe5 {[%emt 0:00:04]}
b4 {[%emt 0:00:07]} 22. g6+ {[%emt 0:00:09]} Kh8 {[%emt 0:00:04]} 23. gxf7 {
[%emt 0:00:05]} Rf8 {[%emt 0:00:01]} 24. c4 {[%emt 0:00:05]} Bb7 {[%emt 0:00:
13]} 25. c5 {[%emt 0:00:05]} Nxc5 {[%emt 0:00:23]} 26. dxc5 {[%emt 0:00:07]}
Qxc5 {[%emt 0:00:01]} 27. Rc1 {[%emt 0:00:13]} Qd4 {[%emt 0:00:10]} 28. Nb3 {
[%emt 0:00:09]} Qxe5 {[%emt 0:00:04]} 29. Bg3 {[%emt 0:00:09]} Qf5+ {[%emt 0:
00:21]} 30. Qxf5 {[%emt 0:00:06]} exf5 {[%emt 0:00:00]} 31. Rc7 {[%emt 0:00:02]
} Rab8 {[%emt 0:00:02]} 32. Nd4 {[%emt 0:00:04]} Bc8 {[%emt 0:00:10]} 33. Be5 {
[%emt 0:00:04]} Rb7 {[%emt 0:00:08]} 34. Rhc1 {[%emt 0:00:06]} Rxc7 {[%emt 0:
00:04]} 35. Rxc7 {[%emt 0:00:01]} Kh7 {[%emt 0:00:02]} 36. Kc2 {[%emt 0:00:07]}
g6 {[%emt 0:00:01]} 37. hxg6+ {[%emt 0:00:04]} Kxg6 {[%emt 0:00:00]} 38. Rc6+ {
[%emt 0:00:07]} Kxf7 {[%emt 0:00:02]} 39. Rxh6 {[%emt 0:00:01]} Rg8 {[%emt 0:
00:02]} 40. Kb3 {[%emt 0:00:05]} Rg4 {[%emt 0:00:03]} 41. Kxb4 {[%emt 0:00:03]}
Re4 {[%emt 0:00:01]} 42. Bh8 {[%emt 0:00:05]} f4 {[%emt 0:00:01]} 43. Kc5 {
[%emt 0:00:02]} f3 {[%emt 0:00:06]} 44. Nxf3 {[%emt 0:00:02]} Re2 {[%emt 0:00:
01]} 45. Bc3 {[%emt 0:00:08]} Be6 {[%emt 0:00:04]} 46. Ng5+ {[%emt 0:00:02]}
Ke7 {[%emt 0:00:01]} 47. Rxe6+ {[%emt 0:00:01]} Rxe6 {[%emt 0:00:02]} 48. Nxe6
{[%emt 0:00:00]} Kxe6 {[%emt 0:00:00]} 49. Bd4 {[%emt 0:00:03]} a5 {[%emt 0:00:
01]} 50. a4 {[%emt 0:00:02]} Kf5 {[%emt 0:00:02]} 51. Kxd5 {[%emt 0:00:00]
Wolle1305 gibt auf} 1-0